| 000 | 00656nam a2200193 c 4500 | ||
|---|---|---|---|
| 005 | 20201216102333.0 | ||
| 008 | 120830s2015 enk |||gr|||| 00| 0 eng d | ||
| 020 | _a9780415870054 | ||
| 040 |
_aCO-BoUCM _bspa _cDeissy Garcia _dDeissy Garcia |
||
| 041 | 0 | _aeng | |
| 100 | 1 |
_aBanerjee, Samiran _9101567 |
|
| 245 | 1 | 0 |
_aIntermediate microeconomics _ba tool-building approach _cSamiran Banerjee |
| 260 |
_aInglaterra _bRoutledge _c2015 |
||
| 300 | _axv, 325 páginas | ||
| 504 | _aIncluye referencias bibliográficas e índices | ||
| 650 |
_aMicroeconomía _919488 |
||
| 942 |
_cLIBRO _2DEWEY _a7 _e1 _h338.5 _mB215i _n0 |
||
| 999 |
_c318244 _d318244 |
||